[Event "1516VL"]
[Site "Mecklenburg-Vorpommern"]
[Date "2015.09.20"]
[Round "1.1"]
[White "Ruesch, Hans Joachim"]
[Black "Mehl, Ronald"]
[Result "0-1"]
[WhiteElo "1919"]
[BlackElo "2090"]
[PlyCount "90"]
[EventDate "2015.10.11"]
[EventType "team-tourn"]
[EventRounds "9"]
[EventCountry "GER"]
[SourceDate "2015.09.20"]
[WhiteTeam "SFO Warnemuende"]
[BlackTeam "FHSG Stralsund"]
[WhiteTeamCountry "GER"]
[BlackTeamCountry "GER"]

1. d4 Nf6 2. c4 e6 3. g3 d5 4. Bg2 Nbd7 5. Nf3 Be7 6. O-O O-O 7. Nc3 c6 8. Qc2
Re8 9. Rd1 a6 10. b3 b5 11. a3 Bb7 12. e4 b4 13. axb4 Bxb4 14. Na2 dxe4 15.
Nxb4 exf3 16. Bxf3 Qb6 17. Nd3 Qxd4 18. Bb2 Qb6 19. c5 Qc7 20. Re1 Nd5 21. Ra4
f6 22. Rh4 Nf8 23. Be4 f5 24. Bxd5 cxd5 25. Ne5 Bc6 26. Qc3 Re7 27. Bc1 Ng6 28.
Nxg6 hxg6 29. Bg5 Ree8 30. Bf4 Qd7 31. Be5 Ra7 32. Rd4 Ba8 33. Qe3 Qd8 34. Qf3
Bc6 35. Qg2 Rb7 36. b4 a5 37. Rh4 Rxb4 38. f4 Re4 39. Rb1 d4 40. Qh3 Rxe5 41.
fxe5 Qd5 42. Rb6 Qxc5 43. Rb8 d3+ 44. Kf1 Qc1+ 45. Kf2 Qd2+ 0-1

[Event "1516VL"]
[Site "Mecklenburg-Vorpommern"]
[Date "2015.09.20"]
[Round "1.2"]
[White "Hubert, Peter"]
[Black "Wolke, Heiko"]
[Result "1-0"]
[WhiteElo "1986"]
[BlackElo "1961"]
[PlyCount "58"]
[EventDate "2015.10.11"]
[EventType "team-tourn"]
[EventRounds "9"]
[EventCountry "GER"]
[SourceDate "2015.09.20"]
[WhiteTeam "FHSG Stralsund"]
[BlackTeam "SFO Warnemuende"]
[WhiteTeamCountry "GER"]
[BlackTeamCountry "GER"]

1. c4 Nf6 2. Nc3 e5 3. Nf3 e4 4. Ng5 b5 5. Qc2 bxc4 6. Ngxe4 Bb7 7. e3 Nxe4 8.
Nxe4 d5 9. Ng3 Nc6 10. a3 Be7 11. d3 cxd3 12. Bxd3 Ne5 13. Bb5+ c6 14. Be2 Bf6
15. O-O O-O 16. Rb1 a5 17. Rd1 Qb6 18. b4 axb4 19. Rxb4 Qa7 20. Nh5 Nd7 21. Bb2
c5 22. Rg4 d4 23. exd4 Qb6 24. Nxf6+ Nxf6 25. dxc5 Qe6 26. Rd6 Be4 27. Rxe6
Bxc2 28. Rxf6 Rab8 29. Rb6 Bg6 1-0

[Event "1516VL"]
[Site "Mecklenburg-Vorpommern"]
[Date "2015.09.20"]
[Round "1.3"]
[White "Schumacher, Dirk"]
[Black "Glawe, Hartmut"]
[Result "0-1"]
[WhiteElo "1958"]
[BlackElo "1908"]
[PlyCount "104"]
[EventDate "2015.10.11"]
[EventType "team-tourn"]
[EventRounds "9"]
[EventCountry "GER"]
[SourceDate "2015.09.20"]
[WhiteTeam "SFO Warnemuende"]
[BlackTeam "FHSG Stralsund"]
[WhiteTeamCountry "GER"]
[BlackTeamCountry "GER"]

1. e4 c5 2. d4 cxd4 3. Nf3 d6 4. Qxd4 Nc6 5. Bb5 Bd7 6. Bxc6 Bxc6 7. Nc3 Nf6 8.
Bg5 e6 9. O-O-O h6 10. Bh4 g5 11. Nxg5 hxg5 12. Bxg5 Bh6 13. f4 e5 14. Qb4 a5
15. Qa3 Bxg5 16. fxg5 Nxe4 17. Nxe4 Bxe4 18. Rhe1 Qxg5+ 19. Kb1 d5 20. Ka1 Qe7
21. Qg3 O-O-O 22. c4 Rhg8 23. Qc3 Qc7 24. Rc1 Kb8 25. Qa3 Qb6 26. cxd5 Bxd5 27.
Rc5 Qb4 28. Qe3 f6 29. g3 Qa4 30. b3 Qd4+ 31. Qxd4 exd4 32. Rxa5 d3 33. Rd1 Bf3
34. Rd2 Be2 35. Rf5 Rd6 36. Kb2 Rc8 37. a4 Rdc6 38. Rd5 Rc2+ 39. Rxc2 Rxc2+ 40.
Kb1 Kc7 41. h4 Rc6 42. Kb2 Rd6 43. Rxd6 Kxd6 44. Kc3 f5 45. b4 Ke5 46. a5 Ke4
47. Kd2 Kd4 48. b5 Kc5 49. a6 bxa6 50. bxa6 Kb6 51. g4 Bxg4 52. Kxd3 f4 0-1

[Event "1516VL"]
[Site "Mecklenburg-Vorpommern"]
[Date "2015.09.20"]
[Round "1.4"]
[White "Kohn, Andreas"]
[Black "Hamann, Dirk"]
[Result "1-0"]
[WhiteElo "1947"]
[BlackElo "1911"]
[PlyCount "65"]
[EventDate "2015.10.11"]
[EventType "team-tourn"]
[EventRounds "9"]
[EventCountry "GER"]
[SourceDate "2015.09.20"]
[WhiteTeam "FHSG Stralsund"]
[BlackTeam "SFO Warnemuende"]
[WhiteTeamCountry "GER"]
[BlackTeamCountry "GER"]

1. e4 e5 2. d4 exd4 3. c3 d5 4. exd5 Qxd5 5. cxd4 Nc6 6. Nf3 Nf6 7. Nc3 Bb4 8.
Be2 O-O 9. O-O Bxc3 10. bxc3 Bg4 11. c4 Qe4 12. Bb2 Rfe8 13. Re1 Qf4 14. d5 Na5
15. Be5 Qe4 16. Bd3 Bxf3 17. gxf3 Qh4 18. Bxf6 Rxe1+ 19. Qxe1 Qxf6 20. Rc1 b6
21. Be4 Rd8 22. c5 Qf4 23. cxb6 cxb6 24. Qe3 Qd6 25. Qg5 g6 26. h4 h5 27. Kh1
Re8 28. Rg1 Qe5 29. Qh6 Qg7 30. Qc1 Qf6 31. Rg5 Re5 32. Qc3 Kg7 33. Qxe5 1-0

[Event "1516VL"]
[Site "Mecklenburg-Vorpommern"]
[Date "2015.09.20"]
[Round "1.5"]
[White "Giese, Guido"]
[Black "Klepin, Wilfried"]
[Result "1/2-1/2"]
[WhiteElo "1856"]
[BlackElo "1850"]
[PlyCount "60"]
[EventDate "2015.10.11"]
[EventType "team-tourn"]
[EventRounds "9"]
[EventCountry "GER"]
[SourceDate "2015.09.20"]
[WhiteTeam "SFO Warnemuende"]
[BlackTeam "FHSG Stralsund"]
[WhiteTeamCountry "GER"]
[BlackTeamCountry "GER"]

1. e4 d5 2. exd5 Qxd5 3. Nc3 Qa5 4. d4 c6 5. Bc4 Nf6 6. Nf3 Bf5 7. Bd2 Qb6 8.
Bb3 e6 9. Qe2 Bb4 10. O-O Bxc3 11. Bxc3 O-O 12. Ne5 Nd5 13. Bd2 Qxd4 14. c3 Qe4
15. Qxe4 Bxe4 16. f3 Bg6 17. Rad1 f6 18. Nxg6 hxg6 19. Rfe1 Kf7 20. c4 Nb6 21.
Bb4 Re8 22. a4 a5 23. Bc5 N6d7 24. Bd6 c5 25. Bc2 f5 26. Bg3 g5 27. h4 gxh4 28.
Bxh4 Nf6 29. Rd6 Nc6 30. Bf2 Nb4 1/2-1/2

[Event "1516VL"]
[Site "Mecklenburg-Vorpommern"]
[Date "2015.09.20"]
[Round "1.6"]
[White "Giese, Lothar"]
[Black "Feindura, Rene"]
[Result "1-0"]
[WhiteElo "1800"]
[BlackElo "1843"]
[PlyCount "65"]
[EventDate "2015.10.11"]
[EventType "team-tourn"]
[EventRounds "9"]
[EventCountry "GER"]
[SourceDate "2015.09.20"]
[WhiteTeam "FHSG Stralsund"]
[BlackTeam "SFO Warnemuende"]
[WhiteTeamCountry "GER"]
[BlackTeamCountry "GER"]

1. c4 Nf6 2. Nc3 c5 3. g3 Nc6 4. Bg2 g6 5. d3 Bg7 6. e4 d6 7. Nge2 O-O 8. O-O
Nd4 9. Nxd4 cxd4 10. Nd5 Nd7 11. b4 a5 12. b5 Rb8 13. a4 b6 14. h4 Nc5 15. Nf4
h5 16. Ra2 Bb7 17. Kh2 e5 18. Nd5 Bxd5 19. cxd5 Rb7 20. Bh3 Qe7 21. f4 exf4 22.
Bxf4 Be5 23. Raf2 Rc7 24. Bxe5 Qxe5 25. Bf5 Re8 26. Bh3 Ree7 27. Rf6 Kg7 28.
R1f5 gxf5 29. Rxf5 Qxf5 30. Bxf5 Nd7 31. Qxh5 Nf8 32. Qg5+ Ng6 33. h5 1-0

[Event "1516VL"]
[Site "Mecklenburg-Vorpommern"]
[Date "2015.09.20"]
[Round "1.7"]
[White "Schmidt, Reinhard"]
[Black "Vietinghoff, Klaus"]
[Result "1-0"]
[WhiteElo "1795"]
[BlackElo "1757"]
[PlyCount "120"]
[EventDate "2015.10.11"]
[EventType "team-tourn"]
[EventRounds "9"]
[EventCountry "GER"]
[SourceDate "2015.09.20"]
[WhiteTeam "SFO Warnemuende"]
[BlackTeam "FHSG Stralsund"]
[WhiteTeamCountry "GER"]
[BlackTeamCountry "GER"]

1. e4 d6 2. Nc3 g6 3. d4 Bg7 4. Bg5 c6 5. Bc4 Qa5 6. Be3 Nf6 7. f3 O-O 8. Nge2
Nbd7 9. O-O b5 10. Bb3 Bb7 11. Qe1 a6 12. Qh4 Qd8 13. Bh6 e5 14. dxe5 dxe5 15.
Rad1 Qe7 16. Bxg7 Kxg7 17. Qf2 Rae8 18. Rd2 a5 19. a3 Ba6 20. Rfd1 Qc5 21. Rxd7
Qxf2+ 22. Kxf2 Nxd7 23. Rxd7 Rd8 24. Rxd8 Rxd8 25. Ke1 f5 26. Ng3 Kf6 27. Nd1
Bc8 28. c3 Bb7 29. Bc2 f4 30. Nh1 c5 31. Nhf2 c4 32. b3 h5 33. bxc4 bxc4 34.
Ba4 Ba6 35. Nb2 g5 36. Bc6 Rb8 37. Nfd1 g4 38. Bd5 Rc8 39. fxg4 hxg4 40. Nf2
Kg5 41. Be6 Rb8 42. Nbd1 g3 43. hxg3 fxg3 44. Nh3+ Kf6 45. Bd5 Rb3 46. a4 Ra3
47. Bc6 Bc8 48. Ng1 Ra1 49. Ne2 Bg4 50. Bb5 Kg5 51. Bxc4 Rxa4 52. Nb2 Ra1+ 53.
Kd2 a4 54. Nc1 a3 (54... Bf3 $1 $19) 55. Nbd3 Rb1 56. Ba2 Rb6 57. Ke3 Kf6 58.
Nb4 Be6 59. Kf3 Rd6 60. Bxe6 Kxe6 1-0

[Event "1516VL"]
[Site "Mecklenburg-Vorpommern"]
[Date "2015.09.20"]
[Round "1.8"]
[White "Manke, Karsten"]
[Black "Birnbaum, Wolf Dieter"]
[Result "0-1"]
[WhiteElo "1762"]
[BlackElo "1782"]
[PlyCount "26"]
[EventDate "2015.10.11"]
[EventType "team-tourn"]
[EventRounds "9"]
[EventCountry "GER"]
[SourceDate "2015.09.20"]
[WhiteTeam "FHSG Stralsund"]
[BlackTeam "SFO Warnemuende"]
[WhiteTeamCountry "GER"]
[BlackTeamCountry "GER"]

1. d4 Nf6 2. c4 g6 3. Nc3 d5 4. e3 Bg7 5. Nf3 O-O 6. Bd3 c5 7. b3 Nc6 8. Bb2
Bg4 9. Nxd5 cxd4 10. e4 Ne5 11. h3 Bxf3 12. gxf3 Nxd5 13. exd5 e6 0-1

[Event "1516VL"]
[Site "Mecklenburg-Vorpommern"]
[Date "2015.09.20"]
[Round "1.1"]
[White "Ispirjan, Mikael"]
[Black "Stoevesand, Eric"]
[Result "0-1"]
[WhiteElo "1992"]
[BlackElo "1953"]
[PlyCount "54"]
[EventDate "2015.10.11"]
[EventType "team-tourn"]
[EventRounds "9"]
[EventCountry "GER"]
[SourceDate "2015.09.20"]
[WhiteTeam "SAV Torgelow"]
[BlackTeam "SG Neubrandenburg"]
[WhiteTeamCountry "GER"]
[BlackTeamCountry "GER"]

1. e4 e5 2. Nf3 Nc6 3. Bb5 a6 4. Ba4 Nf6 5. O-O b5 6. Bb3 Be7 7. Re1 O-O 8. d3
d6 9. c3 Na5 10. Bc2 c5 11. Nbd2 Nc6 12. Nf1 Be6 13. Ne3 Nd7 14. d4 cxd4 15.
cxd4 exd4 16. Nxd4 Nxd4 17. Qxd4 Qb6 18. Qd1 Bf6 19. Nd5 Bxd5 20. exd5 Ne5 21.
Be3 Qb7 22. Bd4 Rae8 23. Re3 Qxd5 24. Bxh7+ Kxh7 25. Qh5+ Kg8 26. Bxe5 Rxe5 27.
Rxe5 Qxe5 0-1

[Event "1516VL"]
[Site "Mecklenburg-Vorpommern"]
[Date "2015.09.20"]
[Round "1.2"]
[White "Rossmann, Andreas"]
[Black "Zentgraf, Robert"]
[Result "1-0"]
[WhiteElo "1919"]
[BlackElo "2142"]
[PlyCount "77"]
[EventDate "2015.10.11"]
[EventType "team-tourn"]
[EventRounds "9"]
[EventCountry "GER"]
[SourceDate "2015.09.20"]
[WhiteTeam "SG Neubrandenburg"]
[BlackTeam "SAV Torgelow"]
[WhiteTeamCountry "GER"]
[BlackTeamCountry "GER"]

1. Nf3 Nf6 2. g3 g6 3. Bg2 Bg7 4. O-O O-O 5. c4 d6 6. d4 c6 7. Nc3 Qa5 8. h3
Be6 9. Nd2 d5 10. Nb3 Qd8 11. Nc5 dxc4 12. Nxe6 fxe6 13. a4 Nd5 14. Ne4 Qb6 15.
Nc5 e5 16. Ne6 exd4 17. Nxf8 Kxf8 18. Qc2 Qc5 19. Bd2 a5 20. Rac1 Nb6 21. Kh2
Na6 22. f4 e6 23. g4 Kg8 24. f5 exf5 25. gxf5 Qe5+ 26. Kh1 gxf5 27. Rxf5 Qxe2
28. Re1 Qd3 29. Qxd3 cxd3 30. b3 Nd7 31. Re7 Ndc5 32. Rg5 Ne6 33. Rxe6 Kf7 34.
Re4 Bh6 35. Rf5+ Kg6 36. Rf2 Bxd2 37. Rxd2 Nc5 38. Rxd4 Nxb3 39. Rg4+ 1-0

[Event "1516VL"]
[Site "Mecklenburg-Vorpommern"]
[Date "2015.09.20"]
[Round "1.3"]
[White "Ehlers, Michael"]
[Black "Stoevesand, Peter"]
[Result "1-0"]
[WhiteElo "1945"]
[BlackElo "1864"]
[PlyCount "69"]
[EventDate "2015.10.11"]
[EventType "team-tourn"]
[EventRounds "9"]
[EventCountry "GER"]
[SourceDate "2015.09.20"]
[WhiteTeam "SAV Torgelow"]
[BlackTeam "SG Neubrandenburg"]
[WhiteTeamCountry "GER"]
[BlackTeamCountry "GER"]

1. e4 e5 2. Nf3 Nc6 3. d4 exd4 4. Nxd4 Bc5 5. Be3 Qf6 6. c3 Nge7 7. Bb5 Bxd4 8.
cxd4 d5 9. Nc3 Be6 10. O-O Qg6 11. Ne2 dxe4 12. Rc1 Rd8 13. Nf4 Qf5 14. Qa4 O-O
15. Rc5 Bd5 16. Bc4 g5 17. Nxd5 Nxd5 18. Qb5 Nce7 19. Qxb7 c6 20. Bxd5 Nxd5 21.
Qxc6 Ne7 22. Rxf5 Nxc6 23. Rxg5+ Kh8 24. d5 f6 25. dxc6 fxg5 26. Bxa7 Rc8 27.
Rc1 Rfd8 28. g3 Rd2 29. Be3 Rd5 30. b4 h5 31. a4 h4 32. Kg2 Kg7 33. b5 Rh8 34.
c7 h3+ 35. Kf1 1-0

[Event "1516VL"]
[Site "Mecklenburg-Vorpommern"]
[Date "2015.09.20"]
[Round "1.4"]
[White "Kunow, Frank"]
[Black "Schmekel, Florian"]
[Result "1-0"]
[WhiteElo "1860"]
[BlackElo "1929"]
[PlyCount "81"]
[EventDate "2015.10.11"]
[EventType "team-tourn"]
[EventRounds "9"]
[EventCountry "GER"]
[SourceDate "2015.09.20"]
[WhiteTeam "SG Neubrandenburg"]
[BlackTeam "SAV Torgelow"]
[WhiteTeamCountry "GER"]
[BlackTeamCountry "GER"]

1. Nf3 c5 2. c4 Nc6 3. g3 g6 4. Bg2 Bg7 5. Nc3 e6 6. d4 cxd4 7. Nb5 d6 8. Nfxd4
Nxd4 9. Nxd4 a6 10. Nb3 Qc7 11. O-O Ne7 12. Qd3 O-O 13. Rd1 Rd8 14. Bf4 e5 15.
Bg5 Bf5 16. e4 Be6 17. Rac1 b6 18. Nd2 Rac8 19. b3 f6 20. Be3 Nc6 21. Nb1 Na5
22. Nc3 Qb7 23. Qe2 Nc6 24. Na4 b5 25. cxb5 axb5 26. Nb6 Rb8 27. Nd5 Bxd5 28.
Rxd5 Nb4 29. Rd2 Ra8 30. Rcd1 Bf8 31. Bf1 Rdb8 32. f4 Ra3 33. fxe5 fxe5 34. Qg4
Nxa2 35. Rf2 Nc3 36. Qe6+ Kh8 37. Rf7 Nxd1 38. Qf6+ Kg8 39. Rxb7 Rxb7 40. Bh3
Raa7 41. Bxa7 1-0

[Event "1516VL"]
[Site "Mecklenburg-Vorpommern"]
[Date "2015.09.20"]
[Round "1.5"]
[White "Bauer, Norbert"]
[Black "Pruesse, Horst"]
[Result "1-0"]
[WhiteElo "1974"]
[BlackElo "1976"]
[PlyCount "83"]
[EventDate "2015.10.11"]
[EventType "team-tourn"]
[EventRounds "9"]
[EventCountry "GER"]
[SourceDate "2015.09.20"]
[WhiteTeam "SAV Torgelow"]
[BlackTeam "SG Neubrandenburg"]
[WhiteTeamCountry "GER"]
[BlackTeamCountry "GER"]

1. d4 Nf6 2. Nc3 d5 3. Bg5 Bf5 4. f3 c6 5. e3 Nbd7 6. Bd3 Bg6 7. Nge2 e5 8. Qd2
Bb4 9. a3 Bd6 10. e4 exd4 11. Nxd4 Qc7 12. exd5 Bxh2 13. O-O-O O-O 14. f4 Bxd3
15. cxd3 Ng4 16. Rdf1 cxd5 17. Kb1 Rfe8 18. Rf3 Qb6 19. Nc2 Bg1 20. d4 h6 21.
Rxg1 hxg5 22. fxg5 Nge5 23. Rh3 Ng6 24. Rgh1 Qd6 25. Ne3 Nb6 26. Nf5 Nc4 27.
Qc1 Qe6 28. g4 f6 29. Rh7 Re7 30. Nxe7+ Qxe7 31. gxf6 Qxf6 32. Nxd5 Qxd4 33.
Ne7+ Nxe7 34. Rh8+ Kf7 35. Rxa8 Nd2+ 36. Kc2 Nc4 37. Rf1+ Kg6 38. Re8 Nd5 39.
Rfe1 Nxa3+ 40. bxa3 Qc3+ 41. Kb1 Qb3+ 42. Qb2 1-0

[Event "1516VL"]
[Site "Mecklenburg-Vorpommern"]
[Date "2015.09.20"]
[Round "1.6"]
[White "Witkowski, Rainer"]
[Black "Massloch, Philipp"]
[Result "1-0"]
[WhiteElo "1835"]
[BlackElo "1663"]
[PlyCount "67"]
[EventDate "2015.10.11"]
[EventType "team-tourn"]
[EventRounds "9"]
[EventCountry "GER"]
[SourceDate "2015.09.20"]
[WhiteTeam "SG Neubrandenburg"]
[BlackTeam "SAV Torgelow"]
[WhiteTeamCountry "GER"]
[BlackTeamCountry "GER"]

1. e4 c5 2. c3 d5 3. exd5 Qxd5 4. d4 Nc6 5. Be3 cxd4 6. Bxd4 e5 7. Be3 Qxd1+ 8.
Kxd1 Nf6 9. Bb5 Bd7 10. Nf3 Ng4 11. Ke2 Nxe3 12. fxe3 f6 13. Nbd2 Bc5 14. Rhd1
Ke7 15. b4 Bb6 16. a3 Nxb4 17. Bxd7 Nc2 18. Nc4 Nxa1 19. Ba4 Rhd8 20. Rxa1 Bc5
21. Bc2 g6 22. Rb1 Rab8 23. a4 e4 24. Bxe4 Rd7 25. Nd4 f5 26. Bf3 Kf6 27. Nd2
Re7 28. Kd3 Rc7 29. a5 b6 30. a6 Rbc8 31. c4 Rd8 32. Bd5 Bf8 33. Ne6 Rcd7 34.
Nxd8 1-0

[Event "1516VL"]
[Site "Mecklenburg-Vorpommern"]
[Date "2015.09.20"]
[Round "1.7"]
[White "Kasel, Alexander"]
[Black "Winkler, Karl"]
[Result "1/2-1/2"]
[WhiteElo "1607"]
[BlackElo "1863"]
[PlyCount "146"]
[EventDate "2015.10.11"]
[EventType "team-tourn"]
[EventRounds "9"]
[EventCountry "GER"]
[SourceDate "2015.09.20"]
[WhiteTeam "SAV Torgelow"]
[BlackTeam "SG Neubrandenburg"]
[WhiteTeamCountry "GER"]
[BlackTeamCountry "GER"]

1. c4 Nf6 2. Nc3 d5 3. cxd5 Nxd5 4. g3 e6 5. Bg2 Be7 6. Nf3 O-O 7. O-O b6 8. d4
Bb7 9. a3 Nxc3 10. bxc3 c5 11. Qc2 cxd4 12. cxd4 Nd7 13. Ng5 Bxg5 14. Bxb7 Rb8
15. Bxg5 Qxg5 16. Qc7 Nf6 17. Rfc1 Nd5 18. Bxd5 Qxd5 19. e3 Rb7 20. Qc6 Qxc6
21. Rxc6 g6 22. Rac1 Rfb8 23. Rd6 b5 24. Ra6 Kf8 25. Rcc6 Ra8 26. Rd6 Ke7 27.
e4 Rd7 28. Rxd7+ Kxd7 29. d5 exd5 30. exd5 Kc7 31. Kg2 Kb7 32. Rf6 Rf8 33. Kf3
a5 34. Ke4 Kc7 35. Kd4 Kd7 36. Rb6 b4 37. axb4 axb4 38. Rxb4 Kd6 39. Rb6+ Kd7
40. d6 Ra8 41. Rb7+ Kxd6 42. Rxf7 Rh8 43. Rf6+ Ke7 44. Ke5 Ra8 45. Re6+ Kf7 46.
Rc6 Ra5+ 47. Kd4 Ra2 48. Ke3 h6 49. h3 Ra4 50. Rd6 Ra2 51. h4 Rb2 52. h5 gxh5
53. Rxh6 Rb5 54. Kf4 Kg7 55. Re6 Rb2 56. Kf3 Rb4 57. Re4 Rb2 58. Re5 Kg6 59.
Ke3 Ra2 60. f4 Ra3+ 61. Kf2 Ra2+ 62. Kf3 Ra3+ 63. Kg2 Ra2+ 64. Kf3 Ra3+ 65. Re3
Ra1 66. Rd3 Ra6 67. Ke4 Re6+ 68. Kd5 Ra6 69. Ke5 Ra5+ 70. Rd5 Rxd5+ 71. Kxd5
Kf5 72. Kd4 h4 73. gxh4 Kxf4 1/2-1/2

[Event "1516VL"]
[Site "Mecklenburg-Vorpommern"]
[Date "2015.09.20"]
[Round "1.8"]
[White "Bugdahl, Felix"]
[Black "Bress, Aaron"]
[Result "0-1"]
[WhiteElo "1781"]
[BlackElo "1475"]
[PlyCount "68"]
[EventDate "2015.10.11"]
[EventType "team-tourn"]
[EventRounds "9"]
[EventCountry "GER"]
[SourceDate "2015.09.20"]
[WhiteTeam "SG Neubrandenburg"]
[BlackTeam "SAV Torgelow"]
[WhiteTeamCountry "GER"]
[BlackTeamCountry "GER"]

1. b3 c6 2. Bb2 d5 3. Nf3 Bf5 4. d3 e6 5. Nbd2 Nf6 6. Nh4 Bg6 7. Nxg6 hxg6 8.
e4 c5 9. e5 Nfd7 10. d4 cxd4 11. Bxd4 Nc6 12. Nf3 Qa5+ 13. c3 f6 14. Qd3 Rh6
15. exf6 gxf6 16. Be3 g5 17. Bd2 Qc7 18. g3 O-O-O 19. Rc1 Ba3 20. Rc2 Nde5 21.
Nxe5 Nxe5 22. Qe2 d4 23. cxd4 Qxc2 24. Bg2 Qb1+ 25. Qd1 Qxd1+ 26. Kxd1 Rxd4 27.
Ke2 Rd7 28. f4 gxf4 29. gxf4 Nc6 30. f5 Rh8 31. fxe6 Re7 32. Bd5 Rd8 33. Bc4
Ne5 34. Bc3 Nxc4 0-1

[Event "1516VL"]
[Site "Mecklenburg-Vorpommern"]
[Date "2015.09.20"]
[Round "1.4"]
[White "Kutschke, Peter"]
[Black "Rabinowitsch, Juri"]
[Result "1-0"]
[WhiteElo "2000"]
[BlackElo "1888"]
[PlyCount "99"]
[EventDate "2015.10.11"]
[EventType "team-tourn"]
[EventRounds "9"]
[EventCountry "GER"]
[SourceDate "2015.09.20"]
[WhiteTeam "SF Schwerin III"]
[BlackTeam "SF Schwerin IV"]
[WhiteTeamCountry "GER"]
[BlackTeamCountry "GER"]

1. e4 c5 2. c4 Nc6 3. Ne2 Nf6 4. Nbc3 d6 5. d4 cxd4 6. Nxd4 e6 7. Be2 Be7 8.
O-O O-O 9. Be3 a6 10. Qd2 e5 11. Nxc6 bxc6 12. f3 Be6 13. Rfd1 Qc7 14. Rac1
Rfb8 15. b3 Qb7 16. Qe1 d5 17. cxd5 cxd5 18. exd5 Nxd5 19. Nxd5 Bxd5 20. Qa5
Bc6 21. Qxe5 Re8 22. Qc3 Rac8 23. Bc4 Ba3 24. Rc2 Bb5 25. Bf2 h6 26. Qa5 Bf8
27. Rdc1 Bxc4 28. bxc4 Qc6 29. c5 Rb8 30. Qc3 Be7 31. Bd4 Bg5 32. Rf1 g6 33. f4
Be7 34. f5 g5 35. h4 Red8 36. f6 Bf8 37. hxg5 hxg5 38. Qe3 Rd5 39. Qe4 Re8 40.
Qg4 Bh6 41. Qh5 Bf8 42. Rc3 Re4 43. Rh3 Rh4 44. Rxh4 gxh4 45. Qg4+ Kh7 46. Qe4+
Kg8 47. Rf5 Rxc5 48. Qg4+ Kh7 49. Rxc5 Bxc5 50. Qg7# 1-0

[Event "1516VL"]
[Site "Mecklenburg-Vorpommern"]
[Date "2015.09.20"]
[Round "1.6"]
[White "Wagner, Ralph"]
[Black "Jung, Werner"]
[Result "1-0"]
[WhiteElo "1989"]
[BlackElo "1877"]
[PlyCount "49"]
[EventDate "2015.10.11"]
[EventType "team-tourn"]
[EventRounds "9"]
[EventCountry "GER"]
[SourceDate "2015.09.20"]
[WhiteTeam "SF Schwerin III"]
[BlackTeam "SF Schwerin IV"]
[WhiteTeamCountry "GER"]
[BlackTeamCountry "GER"]

1. d4 f5 2. c4 Nf6 3. Nc3 g6 4. h4 e6 5. h5 Nxh5 6. Rxh5 gxh5 7. e4 Qf6 8. Nh3
Be7 9. Bg5 Qg6 10. Be2 Kd8 11. Bxh5 Qg7 12. Qd2 Bxg5 13. Nxg5 Rf8 14. O-O-O f4
15. Nf3 Qxg2 16. Rg1 Qh3 17. Bg4 Qh6 18. e5 d5 19. exd6 cxd6 20. Ne4 Kc7 21. c5
Nc6 22. cxd6+ Kd8 23. Nc3 b6 24. d5 e5 25. d7 1-0

[Event "1516VL"]
[Site "Mecklenburg-Vorpommern"]
[Date "2015.09.20"]
[Round "1.8"]
[White "Schumacher, Ole"]
[Black "Voll, Andreas"]
[Result "1/2-1/2"]
[WhiteElo "1673"]
[BlackElo "1788"]
[PlyCount "67"]
[EventDate "2015.10.11"]
[EventType "team-tourn"]
[EventRounds "9"]
[EventCountry "GER"]
[SourceDate "2015.09.20"]
[WhiteTeam "SF Schwerin III"]
[BlackTeam "SF Schwerin IV"]
[WhiteTeamCountry "GER"]
[BlackTeamCountry "GER"]

1. d4 Nf6 2. c4 e6 3. g3 d5 4. Bg2 Be7 5. Nf3 O-O 6. O-O Nbd7 7. Nc3 c6 8. Qc2
Re8 9. Bf4 Nf8 10. e4 dxe4 11. Nxe4 Ng6 12. Bg5 Nxe4 13. Bxe7 Qxe7 14. Qxe4 Bd7
15. Rfe1 Rad8 16. Rad1 Qf6 17. Ne5 Bc8 18. Nxg6 hxg6 19. Qe5 a6 20. h4 Qxe5 21.
Rxe5 Kf8 22. b4 Rd6 23. b5 axb5 24. cxb5 cxb5 25. Rxb5 Red8 26. Bxb7 Bxb7 27.
Rxb7 Rxd4 28. Rxd4 Rxd4 29. Ra7 Rd2 30. Kg2 e5 31. Kf3 f5 32. Ke3 Rd1 33. a4
Ra1 34. a5 1/2-1/2

[Event "1516VL"]
[Site "Mecklenburg-Vorpommern"]
[Date "2015.09.20"]
[Round "1.1"]
[White "Pererva, Viktor"]
[Black "Littke, Helmut"]
[Result "1-0"]
[WhiteElo "2007"]
[BlackElo "1954"]
[PlyCount "49"]
[EventDate "2015.10.11"]
[EventType "team-tourn"]
[EventRounds "9"]
[EventCountry "GER"]
[SourceDate "2015.09.20"]
[WhiteTeam "SSC Rostock 07 II"]
[BlackTeam "ASV GW Wismar "]
[WhiteTeamCountry "GER"]
[BlackTeamCountry "GER"]

1. e4 c5 2. Nf3 d6 3. d4 cxd4 4. Nxd4 Nf6 5. Nc3 a6 6. Bg5 e6 7. f4 Nbd7 8. Qf3
Qc7 9. O-O-O b5 10. Bd3 Bb7 11. Rhe1 Be7 12. Nd5 Nxd5 13. exd5 Bxg5 14. Rxe6+
Be7 15. Rde1 Ne5 16. fxe5 fxe6 17. Qh5+ Kd7 18. Nxe6 Qa5 19. Re3 Qb6 20. Qh3
Qxe3+ 21. Qxe3 Bxd5 22. Nd4 g6 23. e6+ Kc7 24. Be4 Bxe4 25. Qxe4 1-0

[Event "1516VL"]
[Site "Mecklenburg-Vorpommern"]
[Date "2015.09.20"]
[Round "1.2"]
[White "Kliewe, Hans Juergen"]
[Black "Mangold, Thomas"]
[Result "1/2-1/2"]
[WhiteElo "1964"]
[BlackElo "1937"]
[PlyCount "48"]
[EventDate "2015.10.11"]
[EventType "team-tourn"]
[EventRounds "9"]
[EventCountry "GER"]
[SourceDate "2015.09.20"]
[WhiteTeam "ASV GW Wismar "]
[BlackTeam "SSC Rostock 07 II"]
[WhiteTeamCountry "GER"]
[BlackTeamCountry "GER"]

1. d4 d5 2. Bf4 c6 3. e3 Qb6 4. Qc1 Bf5 5. Nd2 e6 6. Ngf3 Nd7 7. Be2 Be7 8. O-O
h6 9. c4 g5 10. Bg3 h5 11. h3 g4 12. hxg4 hxg4 13. Ne5 Nxe5 14. Bxe5 Bf6 15.
Bg3 Bh4 16. Bxh4 Rxh4 17. g3 Rh7 18. Kg2 Nf6 19. c5 Qa5 20. Qc3 Qxc3 21. bxc3
Kd7 22. Rh1 Rah8 23. Rxh7 Rxh7 24. f3 gxf3+ 1/2-1/2

[Event "1516VL"]
[Site "Mecklenburg-Vorpommern"]
[Date "2015.09.20"]
[Round "1.3"]
[White "Brack, Peter"]
[Black "Stutz, Reno"]
[Result "0-1"]
[WhiteElo "1941"]
[BlackElo "1933"]
[PlyCount "82"]
[EventDate "2015.10.11"]
[EventType "team-tourn"]
[EventRounds "9"]
[EventCountry "GER"]
[SourceDate "2015.09.20"]
[WhiteTeam "SSC Rostock 07 II"]
[BlackTeam "ASV GW Wismar "]
[WhiteTeamCountry "GER"]
[BlackTeamCountry "GER"]

1. d4 d5 2. c4 e5 3. dxe5 d4 4. Nf3 Nc6 5. g3 Nge7 6. Bg2 Ng6 7. Qa4 Bd7 8. Qc2
Bc5 9. a3 a5 10. Bg5 Qc8 11. Bf4 Bf5 12. Qa4 Nxf4 13. gxf4 Bxb1 14. Rxb1 Qg4
15. O-O h5 16. Qb5 Rh6 17. h3 Qxf4 18. Qxc5 Rg6 19. Kh1 a4 20. b4 O-O-O 21.
Rbd1 Qe4 22. e3 d3 23. Rg1 f6 24. b5 Rxg2 25. Rxg2 Qxf3 26. Rd2 Qxh3+ 27. Kg1
Nxe5 28. Rg3 Nf3+ 29. Rxf3 Qxf3 30. b6 Qg4+ 31. Kh2 Qh4+ 32. Kg2 Qg5+ 33. Qxg5
fxg5 34. c5 cxb6 35. cxb6 Rd6 36. Kf3 Kd7 37. Ke4 Ke6 38. f4 gxf4 39. Kxf4 Kf6
40. e4 g5+ 41. Ke3 Ke5 0-1